[Event "ESP-ch U12"]
[Site "Salobrena"]
[Date "2021.07.05"]
[Round "2"]
[White "Salas Giralda, Luca"]
[Black "Jordana Nagera, Pol"]
[Result "1/2-1/2"]
[WhiteElo "1099"]
[BlackElo "1298"]
[PlyCount "121"]
[EventDate "2021.07.05"]
[EventType "swiss"]
[EventRounds "9"]
[EventCountry "ESP"]
[SourceTitle "EXT 2022"]
[Source "ChessBase"]
[SourceDate "2021.10.06"]
[SourceVersion "1"]
[SourceVersionDate "2021.10.06"]
[SourceQuality "1"]

1. d4 Nf6 2. Nf3 e6 3. Bf4 b6 4. e3 Bb7 5. Nbd2 Be7 6. Bd3 0-0 7. Qe2 d6 8. 0-0-0 c5 9. h4 cxd4 10. exd4 Nc6 11. h5 Nb4 12. Kb1 Nxd3 13. Qxd3 Rc8 14. Qe2 Qc7 15. Rc1 Nd5 16. Be3 Nxe3 17. Qxe3 Bf6 18. Ne4 Bxe4 19. Qxe4 Qc6 20. Qf4 Qc7 21. h6 Qe7 22. hxg7 Bxg7 23. Ng5 h6 24. Ne4 e5 25. Qg4 f5 26. Qg6 fxe4 27. Rxh6 Rf6 28. Qh7+ Kf7 29. Rxf6+ Qxf6 30. Qxe4 Rc7 31. dxe5 Qxe5 32. Qf3+ Bf6 33. c3 d5 34. Qd1 Qe4+ 35. Ka1 d4 36. cxd4 Rxc1+ 37. Qxc1 Qxd4 38. Qc7+ Be7 39. Qc2 Qc5 40. Qh7+ Ke8 41. Qg8+ Kd7 42. Qg4+ Kc7 43. Qf4+ Kb7 44. a3 Bd6 45. Qf7+ Ka6 46. Qf3 Qc1+ 47. Ka2 Qc4+ 48. Kb1 Qf1+ 49. Kc2 Qc4+ 50. Qc3 Qxc3+ 51. Kxc3 Bc5 52. f4 Kb5 53. g4 Be3 54. f5 Bg5 55. b3 Kc5 56. a4 a5 57. Kd3 Kd5 58. Kc3 Kc5 59. Kd3 Kd5 60. Kc3 Kc5 61. Kd3 1/2-1/2

[Event "Salou Salauris op 1st"]
[Site "Salou"]
[Date "2021.06.26"]
[Round "3"]
[White "Benet Saniger, Xavier"]
[Black "Jordana Nagera, Pol"]
[Result "1-0"]
[WhiteElo "1710"]
[BlackElo "1298"]
[PlyCount "45"]
[EventDate "2021.06.25"]
[EventType "swiss"]
[EventRounds "7"]
[EventCountry "ESP"]
[SourceTitle "CBM 203 Extra"]
[Source "ChessBase"]
[SourceDate "2021.09.30"]
[SourceVersion "1"]
[SourceVersionDate "2021.09.30"]
[SourceQuality "1"]

1. d4 Nf6 2. c4 c5 3. d5 b5 4. b3 Bb7 5. Nd2 e6 6. e4 e5 7. cxb5 a6 8. Bb2 d6 9. Nh3 Qe7 10. Bd3 g6 11. 0-0 Bg7 12. f4 Nfd7 13. Nf3 f6 14. fxe5 dxe5 15. a4 g5 16. Nfxg5 fxg5 17. Qh5+ Kd8 18. Rf7 Qe8 19. Nxg5 Nf6 20. Qe2 Bc8 21. Rxg7 Bg4 22. Qd2 h6 23. Qa5+ 1-0

[Event "Catalunya-ch U10/20"]
[Site "Salou"]
[Date "2020.09.09"]
[Round "7"]
[White "Jove Albaiges, Guillem"]
[Black "Jordana Nagera, Pol"]
[Result "1/2-1/2"]
[WhiteElo "1210"]
[BlackElo "1229"]
[PlyCount "92"]
[EventDate "2020.09.05"]
[EventType "swiss"]
[EventRounds "8"]
[EventCountry "ESP"]
[SourceTitle "EXT 2023"]
[Source "ChessBase"]
[SourceDate "2022.10.05"]
[SourceVersion "1"]
[SourceVersionDate "2022.10.05"]
[SourceQuality "1"]

1. d4 Nf6 2. c4 e6 3. g3 d5 4. Nf3 c6 5. Bg2 Bd6 6. Qc2 0-0 7. 0-0 Nbd7 8. c5 Bc7 9. Bf4 Ne4 10. Nbd2 f5 11. Bxc7 Qxc7 12. Nxe4 fxe4 13. Ng5 Nf6 14. f4 h6 15. Nh3 b6 16. b4 Ng4 17. Qc3 Ba6 18. Rfe1 Bc4 19. Bxe4 Nf6 20. Bg2 b5 21. Nf2 a5 22. a3 a4 23. e4 Rae8 24. e5 Nd7 25. Nd3 g6 26. Nb2 Bb3 27. Qf3 Kg7 28. Qg4 Bc2 29. Re3 Bf5 30. Qe2 g5 31. fxg5 hxg5 32. Qh5 Qd8 33. Rf1 g4 34. Qh4 Qxh4 35. gxh4 Rh8 36. Rg3 Rxh4 37. Rf4 Nf8 38. Nd1 Ng6 39. Rf2 Reh8 40. Ne3 R8h5 41. Bf1 Kh6 42. Be2 Kg5 43. Rfg2 Nf4 44. Bxg4 Nxg2 45. Bxh5+ Kxh5 46. Kxg2 Rxd4 1/2-1/2